Winx Club - Les personnages - Statistiques

Statistiques générales
  • Ce quiz a été pris 1 892 fois
    1 819 depuis la dernière actualisation
  • Le résultat moyen est 38 sur 126
Statistiques - réponses
Réponse % Correct
Bloom
99%
Stella
98%
Musa
96%
Flora
95%
Tecna
93%
Sky
92%
Brandon
88%
Layla
88%
Stormy
87%
Icy
86%
Darcy
85%
Riven
84%
Timmy
80%
Faragonda
79%
Hélia
74%
Nabu
73%
Roxy
73%
Daphné
69%
Valtor
68%
Kiko
57%
Marion
52%
Griffin
51%
Griselda
48%
Piff
48%
Amore
47%
Lockette
47%
Oritel
44%
Tritannus
44%
Chatta
43%
Diaspro
42%
Digit
42%
Vanessa
42%
Darkar
41%
Mike
41%
Ogron
41%
Saladin
38%
Palladium
37%
Luna
34%
Tune
34%
Anagan
33%
Mirta
32%
Roy
32%
Selina
31%
Duman
30%
Gantlos
30%
Lucy
30%
Nebula
30%
Nex
30%
Chimera
29%
Morgana
29%
Radius
29%
Avalon
28%
Wizgiz
28%
Miele
27%
Cassandra
26%
Mitzi
26%
Néréus
24%
Achéron
21%
Kalshara
21%
Thoren
20%
Brafilius
19%
Krystal
19%
Niobé
19%
Séréna
19%
Andy
18%
Belle
18%
Chérie
18%
Codatorta
18%
Galatéa
18%
Klaus
18%
Knut
18%
Tressa
18%
Diana
17%
Artu
16%
Ligéa
16%
Amarok
15%
Aurora
15%
Caramel
15%
Érendor
15%
Lemmy
15%
Neptune
15%
Sonna
15%
Ginger
14%
Illiris
14%
Alyssa
13%
Amentia
13%
Coco
13%
Alice
12%
Désiryée
12%
Kitty
12%
Lithia
12%
Pepe
12%
Térédor
12%
Chicko
11%
Eldora
11%
Elliott
11%
Milly
11%
Rhodos
11%
Ediltrude
10%
Ho-Boe
10%
Jason
10%
Jédo
10%
Sunny
10%
Zarathustra
10%
Électronio
9%
Nova
9%
Samara
9%
Sibylla
9%
Voltigeur
9%
Magnéthia
8%
Barbatéa
7%
Matlin
7%
Clarisse
6%
DuFour
6%
Sapphire
6%
Sponsus
6%
Macy
5%
Ophélia
5%
Phylla
5%
Maya
4%
Nessa
4%
Chloé
3%
Dragel
3%
Kemmy
3%
Occula
3%
Twinkly
2%
Aucun quiz correspondant
Distribution des résultats
% des personnes avec chaque résultat
Percentile par nombre de réponses
Votre historique - résultats
Vous n’avez pas pris ce quiz depuis la dernière actualisation